Normal view
MARC view
- Hasan, Syed Saad
Entry Personal Name
001 - CONTROL NUMBER
- control field: 51660
003 - CONTROL NUMBER IDENTIFIER
- control field: NUST
005 - DATE AND TIME OF LATEST TRANSACTION
- control field: 20210314135031.0
008 - FIXED-LENGTH DATA ELEMENTS
- fixed length control field: 210314|| aca||aabn | a|a d
040 ## - CATALOGING SOURCE
- Original cataloging agency: NUST
- Transcribing agency: NUST
100 ## - HEADING--PERSONAL NAME
- Personal name: Hasan, Syed Saad
670 ## - SOURCE DATA FOUND
- Source citation: Work cat.: (NUST): Shafique, Muhammad Mohsin 51656, In house water recycling , 2019.
